Les candidats à une élection présidentielle au XXIe siècle - Statistiques

Statistiques générales
  • Ce quiz a été pris 134 fois
  • Le résultat moyen est 40 sur 61
Statistiques - réponses
Parti Candidat Score au 1er tour % Correct
2002 FN Jean-Marie Le Pen 16.86%
100%
2007 FN Jean-Marie Le Pen 10.44%
100%
2012 FN Marine Le Pen 17.90%
100%
2017 FN Marine Le Pen 21.30%
100%
2022 RN Marine Le Pen 23.15%
100%
2017 EM Emmanuel Macron 24.01%
98%
2022 LREM Emmanuel Macron 27.85%
98%
2002 RPR Jacques Chirac 19.88%
97%
2007 UMP Nicolas Sarkozy 31.18%
95%
2012 UMP Nicolas Sarkozy 27.18%
95%
2012 PS François Hollande 28.63%
94%
2012 FG Jean-Luc Mélenchon 11.10%
93%
2017 LFI Jean-Luc Mélenchon 19.58%
93%
2022 LFI Jean-Luc Mélenchon 21.95%
93%
2017 LR François Fillon 20.01%
88%
2022 REC Eric Zemmour 7.07%
86%
2007 PS Ségolène Royal 25.87%
86%
2002 PS Lionel Jospin 16.18%
84%
2002 UDF François Bayrou 6.84%
84%
2007 UDF François Bayrou 18.57%
84%
2012 MoDem François Bayrou 9.13%
84%
2012 NPA Philippe Poutou 1.15%
84%
2017 NPA Philippe Poutou 1.09%
84%
2022 NPA Philippe Poutou 0.77%
84%
2022 PS Anne Hidalgo 1.75%
79%
2022 LR Valérie Pécresse 4.78%
79%
2012 LO Nathalie Arthaud 0.56%
76%
2017 LO Nathalie Arthaud 0.64%
76%
2022 LO Nathalie Arthaud 0.56%
76%
2017 PS Benoît Hamon 6.36%
74%
2012 DLR Nicolas Dupont-Aignan 1.79%
74%
2017 DLF Nicolas Dupont-Aignan 4.70%
74%
2022 DLF Nicolas Dupont-Aignan 2.06%
74%
2022 PCF Fabien Roussel 2.28%
72%
2017 RES Jean Lassalle 1.21%
71%
2022 RES Jean Lassalle 3.13%
71%
2022 EELV Yannick Jadot 4.63%
68%
2012 EELV Eva Joly 2.31%
64%
2017 UPR François Asselineau 0.92%
63%
2002 LO Arlette Laguiller 5.72%
57%
2007 LO Arlette Laguiller 1.33%
57%
2002 LCR Olivier Besancenot 4.25%
55%
2007 LCR Olivier Besancenot 4.08%
55%
2012 SP Jacques Cheminade 0.25%
52%
2017 SP Jacques Cheminade 0.18%
52%
2002 PCF Robert Hue 3.37%
45%
2002 MDC Jean-Pierre Chevènement 5.33%
40%
2002 LV Noël Mamère 5.25%
37%
2002 PRG Christiane Taubira 2.32%
34%
2007 MPF Philippe de Villiers 2.23%
29%
2007 DVG José Bové 1.32%
26%
2002 MNR Bruno Mégret 2.34%
21%
2007 PCF Marie-George Buffet 1.93%
20%
2007 LV Dominique Voynet 1.57%
19%
2007 CPNT Frédéric Nihous 1.15%
14%
2002 FRS Christine Boutin 1.19%
13%
2002 Cap21 Corinne Lepage 1.88%
13%
2002 DL Alain Madelin 3.91%
12%
2007 PT Gérard Schivardi 0.34%
11%
2002 CPNT Jean Saint-Josse 4.23%
10%
2002 PT Daniel Gluckstein 0.47%
8%
Aucun quiz correspondant
Distribution des résultats
% des personnes avec chaque résultat
Percentile par nombre de réponses
Votre historique - résultats
Vous n’avez pas pris ce quiz